A disobedient girl [sound recording] : a novel / Ru Freeman.
Chronicles the trials and travails of two Sri Lankan women and their pursuit of freedom. Orphaned then absorbed as a servant into a well-to-do Sri Lankan family at the age of five, Latha Kumari grows up in tandem with the family's spoiled young daughter, Thara. However, Latha's mysterious origins and ambiguous caste ensure her a future of unpaid servitude in the Vithanages's household. Resentful, she involves herself with the man meant for Thara. This choice ultimately causes her loss and suffering. Alongside Latha's story is that of Biso's, who is fleeing a drunken abusive husband, a murdered lover and townspeople who whisper whore as she walks past. Biso escapes blindly to the salvation and promise of distant relatives in the north, but her journey with her three children across the country is tainted by murder and terrorism. The kindness of strangers runs out, but the end of Biso's tragic journey will end up being the promise of Latha's future.
Record details
- ISBN: 9781400113682 (set)
- ISBN: 1400113687 (set)
- ISBN: 9781400143689 (library edition)
- ISBN: 1400143683 (library edition)
- Physical Description: 13 sound discs (16 hours) : digital ; 4 3/4 in.
- Edition: Unabridged.
- Publisher: [Old Saybrook, Conn.] : Tantor Media, ℗2009.
Content descriptions
| General Note: | Title from container. Compact disc. |
| Participant or Performer Note: | Read by Anne Flosnik. |
Search for related items by subject
| Subject: | Women household employees > Fiction. Rich people > Sri Lanka > Fiction. Women > Sri Lanka > Fiction. Social classes > Sri Lanka > Fiction. Domestic fiction. Sri Lanka > Fiction. |
| Genre: | Audiobooks. |
| LDR | 02451nim a2200445Ia 4500 | ||
|---|---|---|---|
| 001 | 139653 | ||
| 003 | CONS | ||
| 005 | 20150818090852.0 | ||
| 007 | sd fungnn|||eu | ||
| 008 | 090925s2009 ctunnnn f n eng d | ||
| 020 | . | ‡a9781400113682 (set) | |
| 020 | . | ‡a1400113687 (set) | |
| 020 | . | ‡a9781400143689 (library edition) | |
| 020 | . | ‡a1400143683 (library edition) | |
| 035 | . | ‡a(CPomAG)LMN589820 | |
| 043 | . | ‡aa-ce--- | |
| 092 | . | ‡a813.6 | |
| 100 | 1 | . | ‡aFreeman, Ru. |
| 245 | 1 | 2. | ‡aA disobedient girl ‡h[sound recording] : ‡ba novel / ‡cRu Freeman. |
| 250 | . | ‡aUnabridged. | |
| 260 | . | ‡a[Old Saybrook, Conn.] : ‡bTantor Media, ‡c℗2009. | |
| 300 | . | ‡a13 sound discs (16 hours) : ‡bdigital ; ‡c4 3/4 in. | |
| 336 | . | ‡aspoken word ‡bspw ‡2rdacontent | |
| 337 | . | ‡aaudio ‡bs ‡2rdamedia | |
| 338 | . | ‡aaudio disc ‡bsd ‡2rdacarrier | |
| 500 | . | ‡aTitle from container. | |
| 500 | . | ‡aCompact disc. | |
| 511 | 0 | . | ‡aRead by Anne Flosnik. |
| 520 | . | ‡aChronicles the trials and travails of two Sri Lankan women and their pursuit of freedom. Orphaned then absorbed as a servant into a well-to-do Sri Lankan family at the age of five, Latha Kumari grows up in tandem with the family's spoiled young daughter, Thara. However, Latha's mysterious origins and ambiguous caste ensure her a future of unpaid servitude in the Vithanages's household. Resentful, she involves herself with the man meant for Thara. This choice ultimately causes her loss and suffering. Alongside Latha's story is that of Biso's, who is fleeing a drunken abusive husband, a murdered lover and townspeople who whisper whore as she walks past. Biso escapes blindly to the salvation and promise of distant relatives in the north, but her journey with her three children across the country is tainted by murder and terrorism. The kindness of strangers runs out, but the end of Biso's tragic journey will end up being the promise of Latha's future. | |
| 650 | 0. | ‡aWomen household employees ‡vFiction. | |
| 650 | 0. | ‡aRich people ‡zSri Lanka ‡vFiction. | |
| 650 | 0. | ‡aWomen ‡zSri Lanka ‡vFiction. | |
| 650 | 0. | ‡aSocial classes ‡zSri Lanka ‡vFiction. | |
| 650 | 0. | ‡aDomestic fiction. | |
| 651 | 0. | ‡aSri Lanka ‡vFiction. | |
| 655 | 7. | ‡aAudiobooks. ‡2lcgft | |
| 700 | 1 | . | ‡aFlosnick, Anne. ‡4narrator |
| 914 | . | ‡aSCP_pc | |
| 959 | . | ‡i32269000964588 ‡lBK/CD Fre ‡aAdult - Audiobook ‡tAudiobook ‡g90.00 ‡d"13 CD''s Please Count " | |
| 852 | . | ‡p32269000964588 ‡jBK/CD Fre ‡gAdult - Audiobook ‡cAudiobook ‡y90.00 ‡bSBPL | |
| 901 | . | ‡a139653 ‡bUnknown ‡c139653 ‡tbiblio | |